लोड हो रहा है...

Phosphoric acid V.1

ग्रंथसूची विवरण
मुख्य लेखक: Slack, A V
स्वरूप: Printed Book
भाषा:Undetermined
English
प्रकाशित: New York Marcel Dekker Inc 1968
विषय:
LEADER 00481nam a2200145Ia 4500
008 140306s9999 xx 000 0 und d
041 |a eng 
082 |a 660  |b SLA/PH 
100 |a Slack, A V 
245 |a Phosphoric acid V.1 
260 |a New York  |b Marcel Dekker Inc  |c 1968 
650 |a Chemical technology 
942 |2 ddc  |c BK 
999 |c 120360  |d 120360 
952 |0 0  |1 0  |2 ddc  |4 0  |6 660_000000000000000_SLAPH  |7 0  |9 119639  |a KAUHCV  |b KAUHCV  |d 2002-01-01  |o 660 SLA/PH  |p KAU_HCV-11130  |r 2014-03-22  |w 2014-03-22  |y BK